Catálogo
 En Linea

Ciencias de la naturaleza 2 : (Registro nro. 46635)

Detalles MARC
000 -CABECERA
campo de control de longitud fija 00708nam a2200193 a 4500
001 - NÚMERO DE CONTROL
campo de control 000047147
005 - FECHA Y HORA DE LA ÚLTIMA TRANSACCIÓN
campo de control 20201002053409.0
008 - DATOS DE LONGITUD FIJA--INFORMACIÓN GENERAL
campo de control de longitud fija 180417s2017 dr abc 000 0 spa d
020 ## - NÚMERO INTERNACIONAL ESTÁNDAR DEL LIBRO
Número Internacional Estándar del Libro 9789945124552
040 ## - FUENTE DE LA CATALOGACIÓN
Centro catalogador/agencia de origen DO-SdBNP
Lengua de catalogación spa
Centro/agencia transcriptor BNPHU
082 ## - NÚMERO DE LA CLASIFICACIÓN DECIMAL DEWEY
Número de clasificación xxxx
Número de documento/Ítem R457ci
100 1# - ENTRADA PRINCIPAL--NOMBRE DE PERSONA
Nombre de persona Reyes Báez, Yanett
9 (RLIN) 74890
245 10 - MENCIÓN DE TÍTULO
Título Ciencias de la naturaleza 2 :
Resto del título secundaria /
Mención de responsabilidad, etc. Yanett Reyes Báez.
260 ## - PUBLICACIÓN, DISTRIBUCIÓN, ETC.
Lugar de publicación, distribución, etc. Santo Domingo :
Nombre del editor, distribuidor, etc. Susaeta Ediciones,
Fecha de publicación, distribución, etc. 2017.
300 ## - DESCRIPCIÓN FÍSICA
Extensión 262 p. :
Otras características físicas il., retrs. ;
Dimensiones 29 cm.
504 ## - NOTA DE BIBLIOGRAFÍA, ETC.
Nota de bibliografía, etc. Bibliografía : p. 264
505 0# - NOTA DE CONTENIDO CON FORMATO
Nota de contenido con formato El mundo de los seres vivos --
Título Los seres vivos se relacionan y reproducen --
-- Genética y evolución --
-- Medioambiente y salud.
590 ## - NOTA LOCAL (RLIN)
Nota local Inventariado, 2018/LP
Existencias
Estado de retiro Estado de pérdida Restricciones de uso No para préstamo Código de colección Localización permanente Ubicación/localización actual Ubicación en estantería Fecha de adquisición Número de inventario Total de préstamos Signatura topográfica completa Código de barras Fecha visto por última vez Número de copia Precio válido a partir de Tipo de ítem Koha
        Dominicana de Servicio General General Depósito 17.04.2018 LF1   xxxx R457ci 47147-30 25.06.2020 e. 3 25.06.2020 Libro y Folleto Colección Dominicana de Servicio
      Excluido de préstamo Patrimonio Dominicano Patrimonio Dominicano Patrimonio Dominicano Depósito 17.04.2018 LF1   xxxx R457ci 47147-10 25.06.2020   25.06.2020 Libro y Folleto Colección Patrimonio Dominicano
      Excluido de préstamo Patrimonio Dominicano Patrimonio Dominicano Patrimonio Dominicano Depósito 17.04.2018 LF1   xxxx R457ci 47147-20 25.06.2020 e. 2 25.06.2020 Libro y Folleto Colección Patrimonio Dominicano

Con tecnología Koha